skbl

Dr Suryya Kumar Bhuyan Library Web-OPAC
ডঃ সূৰ্য্য
কুমাৰ ভূঞা পুথিভঁৰাল ৱেব-অ'পেক

All Research Scholars are advised to clear the annual library fees to continue using Library Resources, Remote Access, Plagiarism Test and Library Clearance.

Cotton University Book Fair 2026

Applied Microbiology (Record no. 58790)

MARC details
000 -LEADER
fixed length control field 00505nam a2200193Ia 4500
001 - CONTROL NUMBER
control field 58903
008 - FIXED-LENGTH DATA ELEMENTS--GENERAL INFORMATION
fixed length control field 150813n2014 ii |||gr||||Z||||||465
020 ## - INTERNATIONAL STANDARD BOOK NUMBER
International Standard Book Number 978-81-7132-767-6
082 ## - DEWEY DECIMAL CLASSIFICATION NUMBER
Classification number 576
245 #0 - TITLE STATEMENT
Title Applied Microbiology
Statement of responsibility, etc. Sampat Nehra
Medium Textual Documents
250 ## - EDITION STATEMENT
Edition statement Ist ed.
260 ## - PUBLICATION, DISTRIBUTION, ETC.
Place of publication, distribution, etc. Rajasthan
Name of publisher, distributor, etc. Pointer Publishers
Date of publication, distribution, etc. 2014
300 ## - PHYSICAL DESCRIPTION
Extent 263pg:
Dimensions 27cm.
653 ## - INDEX TERM--UNCONTROLLED
Uncontrolled term Genetics & evolution
653 ## - INDEX TERM--UNCONTROLLED
Uncontrolled term Botany
653 ## - INDEX TERM--UNCONTROLLED
Uncontrolled term Dept-Botany
700 ## - ADDED ENTRY--PERSONAL NAME
Personal name Nehra,Sampat,
Relator term Author.
942 ## - ADDED ENTRY ELEMENTS (KOHA)
Source of classification or shelving scheme Dewey Decimal Classification
Koha item type Books
Holdings
Withdrawn status Lost status Damaged status Not for loan Collection Home library Current library Shelving location Date acquired Coded location qualifier Cost, normal purchase price Total checkouts Full call number Barcode Date last seen Copy number Price effective from Koha item type
          Dr. Suryya Kumar Bhuyan Library Dr. Suryya Kumar Bhuyan Library   13/08/2015 00000 2100.00   576 Ne 314 Ap 1018/Bot 14/01/2024 1 13/08/2015 Books

Designed and Maintained by Team SKBL
©1901-2026

Powered by Koha